Tamási Áron, az olvasó

Elmentve itt :
Bibliográfiai részletek
Szerző: BALÁZS Imre József
Adatforrás:Meister
Forrásdokumentuma:Helikon. -
22 sz., 1997, 2-3 p.
Nyelv:magyar
Kulcsszavak:irodalomtörténet
TAMÁSI Áron
LEADER 00361nab a2200133 i 4500
001 bibPRO00009785
008 060524s1997 xx hun
040 |a Sz1 
041 |a hun 
100 1 |a BALÁZS Imre József 
245 1 0 |a Tamási Áron, az olvasó  |c BALÁZS Imre József 
695 |a irodalomtörténet 
695 |a TAMÁSI Áron 
773 0 |t Helikon. -  |g 22 sz., 1997, 2-3 p.